Statistics for Countries with the Most Tropical Cyclones

Click here to take the quiz!

General Stats

  • This quiz has been taken 17,449 times
    (17,445 since last reset)
  • The average score is 7 of 10

Answer Stats

RankCountry% Correct
3Japan
91%
5United States
91%
1China
88%
2Philippines
83%
4Mexico
83%
6Australia
73%
8Vietnam
64%
10Cuba
64%
7Taiwan
60%
9Madagascar
17%

Score Distribution

Percentile by Number Answered

Percent of People with Each Score

Your Score History

You have not taken this quiz since the last reset